Minecraft Dungeons: Mobs by Picture - Statistics

General Stats
  • This quiz has been taken 84 times
  • The average score is 67 of 152
Answer Stats
Picture Answer % Correct
Baby Chicken
93%
Axolotl
86%
Arch-Illager
84%
Baby Ghast
76%
Bee
76%
Baby Dairy Cow
74%
Bat
74%
Blaze
71%
Cat
71%
Cow
71%
Creeper
69%
Ancient Guardian
67%
Cave Spider
67%
Charged Creeper
67%
Dolphin
67%
Chicken Jockey
66%
Enderman
66%
Drowned
64%
Duck
62%
Ghast
62%
Baby Moobloom
60%
Blacksmith
60%
Dark Baby Goat
60%
Elder Guardian
60%
Emperor Penguin
60%
Enchanted Sheep
60%
Endermite
60%
Evoker
60%
Glow Squid
60%
Goat
60%
Iron Golem
60%
Guardian
59%
Horse
59%
Husk
59%
Panda
59%
Parrot
59%
Pig
59%
Piglin
59%
Corrupted Cauldron
57%
Ocelot
57%
Phantom
57%
Polar Bear
57%
Pufferfish
57%
Hoglin
55%
Mooshroom
55%
Rabbit
55%
Sheep
55%
Clam Launcher
53%
Magma Cube
53%
Ravager
53%
Slime
53%
Spider
53%
Chicken Jockey Tower
52%
Enchanter
52%
Frozen Zombie
52%
Racoon
52%
Redstone Golem
52%
Shulker
52%
Skeleton
52%
Jungle Zombie
50%
Llama
50%
Red Panda
50%
Silverfish
50%
Skeleton Horse
50%
Squid
50%
Villager
50%
Endersent
48%
Hedgehog
48%
Iceologer
48%
Raven
48%
Stray
48%
Vex
48%
Baby Squid
47%
Drowned Necromancer
47%
Phantom Familiar
47%
Pillager Raid Captain
47%
Royal Penguin
47%
Skeleton Horseman
47%
Turtle
47%
Wandering Trader
47%
Witch
47%
Wolf
47%
Skunk
45%
Vindicator
45%
Wither Skeleton
45%
Pillager
43%
Redstone Monstrosity
43%
Vindicator Raid Captain
43%
Diamond Key Golem
41%
Mole
41%
Mooshroom Monstrosity
41%
Vindicator Chef
41%
Illusioner
40%
Mossy Skeleton
40%
Royal Guard
40%
Zombie
40%
Necromancer
38%
Zombified Baby Pig
38%
Heart of Ender
36%
Zombified Piglin
36%
Gift Wrapper
34%
Jungle Abomination
34%
Toucan
34%
Redstone Cube
33%
Tropical Slime
33%
Mystery Merchant
31%
Nameless One
31%
Obsidian Monstrosity
31%
Enchantsmith
29%
Ferret
29%
Fungus Thrower
29%
Geomancer
29%
Piggy Bank
29%
Trader Llama
29%
Wooly Cow
29%
Cluckshroom
28%
Key Golem
28%
Redstone Ministrosity
28%
Blastling
26%
Luxury Merchant
26%
Sunken Skeleton
26%
Wildfire
26%
Wraith
26%
Piglin Merchant
24%
Poison-Quill Vine
24%
Target Dummy
24%
Gildsmith
22%
Mountaineer
22%
Poison Anemone
22%
Mini Abomination
21%
Powersmith
21%
Skeleton Vanguard
21%
Tempest Golem
21%
Village Merchant
21%
Wisp
21%
Guardian Vex
19%
Leapleaf
19%
Wretched Wraith
19%
Piglin Hunter
17%
Snareling
17%
Wind Caller
17%
Mage
16%
Watchling
16%
Wavewhisperer
16%
Whisperer
16%
Rampart Captain
14%
Ruby Baby Turtle
14%
Squall Golem
14%
Treetop Whisperer
14%
Uniquesmith
14%
Soul Wizard
12%
Tower Keeper
9%
No matching quizzes found
Score Distribution
Percent of People with Each Score
Percentile by Number Answered
Your Score History
You have not taken this quiz